Capital Cities closest to Capital Cities starting with A - Statistics

General Stats
  • This quiz has been taken 51 times
  • The average score is 17 of 20
Answer Stats
Rank Distance Closest 'A' Capital City CAPITAL CITY % Correct
3 173 Amsterdam Brussels
98%
5 218 Amman Beirut
95%
4 175 Amman Damascus
95%
1 71 Amman Jerusalem
95%
15 494 Andorra la Vella Madrid
95%
17 498 Andorra la Vella Monaco
93%
12 430 Amsterdam Paris
93%
16 494 Amman Cairo
90%
13 440 Abu Dhabi Muscat
86%
14 486 Athens Skopje
86%
6 301 Abu Dhabi Doha
83%
7 319 Amsterdam Luxembourg
83%
9 358 Amsterdam London
81%
20 558 Addis Ababa Djibouti
79%
11 429 Amman Nicosia
76%
19 524 Athens Sofia
76%
18 499 Athens Tirana
76%
2 168 Accra Lome
67%
10 427 Abu Dhabi Manama
67%
8 327 Accra Porto-Novo
60%
No matching quizzes found
Score Distribution
Percent of People with Each Score
Percentile by Number Answered
Your Score History
You have not taken this quiz